书目信息 |
| 题名: |
CI设计
|
|
| 作者: | 杨仁敏 , 李巍 编著 | |
| 分册: | ||
| 出版信息: | 重庆 西南师范大学出版社 1999 |
|
| 页数: | 120页 | |
| 开本: | 26cm | |
| 丛书名: | 二十一世纪设计家丛书 | |
| 单 册: | ||
| 中图分类: | J524.4 | |
| 科图分类: | ||
| 主题词: | 工艺美术--中国 | |
| 电子资源: | ||
| ISBN: | 7-5621-1867-1 | |
| 000 | 00664nam0 2200229 450 | |
| 001 | 0754265877 | |
| 005 | 20070621171752.25 | |
| 010 | @a7-5621-1867-1@dCNY55.00 | |
| 100 | @a20070621d1999 km y0chiy0120 ea | |
| 101 | 0 | @achi |
| 102 | @aCN@b510000 | |
| 200 | 1 | @aCI设计@ACI she ji@f杨仁敏,李巍编著@Fyang ren min,li wei bian zhu |
| 210 | @a重庆@c西南师范大学出版社@d1999 | |
| 215 | @a120页@c图@d26cm | |
| 225 | 2 | @a二十一世纪设计家丛书 |
| 410 | 0 | @12001 @a二十一世纪设计家丛书 |
| 606 | 0 | @a工艺美术@x中国 |
| 690 | @aJ524.4@v3 | |
| 701 | 0 | @a杨仁敏@Ayang ren min@4编著 |
| 701 | 0 | @a李巍@Ali wei@4编著 |
| 801 | 0 | @aCN@bPFT@c20070621 |
| 905 | @a10447@dJ524.4@e236 | |
| CI设计/杨仁敏,李巍编著.-重庆:西南师范大学出版社,1999 |
| 120页:图;26cm.-(二十一世纪设计家丛书) |
| ISBN 7-5621-1867-1:CNY55.00 |
| ● |
| 相关链接 |
|
|
|
|
正题名:CI设计
索取号:J524.4/236
 
预约/预借
| 序号 | 登录号 | 条形码 | 馆藏地/架位号 | 状态 | 备注 |
| 1 | 0660417 | 206604174 | 第一样本阅览室/ [索取号:J524.4/236] | 在馆 | |
| 2 | 0660418 | 206604183 | 第一借阅区/ [索取号:J524.4/236] | 在馆 | |
| 3 | 0660419 | 206604192 | 第一借阅区/ [索取号:J524.4/236] | 在馆 | |
| 4 | 0660420 | 206604209 | 第一借阅区/ [索取号:J524.4/236] | 在馆 | |
| 5 | 0660421 | 206604218 | 密集书库/ [索取号:J524.4/236] | 在馆 | |
| 6 | 0660422 | 206604227 | 库房3/ [索取号:J524.4/236] | 在馆 | |
| 7 | 0660423 | 206604236 | 库房3/ [索取号:J524.4/236] | 在馆 | |
| 8 | 0660424 | 206604245 | 库房3/ [索取号:J524.4/236] | 在馆 | |
| 9 | 0660425 | 206604254 | 库房3/ [索取号:J524.4/236] | 在馆 | |
| 10 | 0660426 | 206604263 | 库房3/ [索取号:J524.4/236] | 在馆 | |
| 11 | 0660427 | 206604272 | 库房3/ [索取号:J524.4/236] | 在馆 | |
| 12 | 0660428 | 206604281 | 库房3/ [索取号:J524.4/236] | 在馆 | |
| 13 | 0660429 | 206604290 | 库房3/ [索取号:J524.4/236] | 在馆 | |
| 14 | 0660430 | 206604307 | 库房3/ [索取号:J524.4/236] | 在馆 | |
| 15 | 0660431 | 206604316 | 库房3/ [索取号:J524.4/236] | 在馆 | |
| 16 | 0660432 | 206604325 | 库房3/ [索取号:J524.4/236] | 在馆 | |
| 17 | 0660433 | 206604334 | 库房3/ [索取号:J524.4/236] | 在馆 | |
| 18 | 0660434 | 206604343 | 库房3/ [索取号:J524.4/236] | 在馆 | |
| 19 | 0660435 | 206604352 | 库房3/ [索取号:J524.4/236] | 在馆 | |
| 20 | 0660436 | 206604361 | 库房3/ [索取号:J524.4/236] | 在馆 | |
| 21 | 0660437 | 206604370 | 库房3/ [索取号:J524.4/236] | 在馆 | |
| 22 | 0660438 | 206604389 | 库房3/ [索取号:J524.4/236] | 在馆 | |
| 23 | 0660439 | 206604398 | 库房3/ [索取号:J524.4/236] | 在馆 | |
| 24 | 0660440 | 206604405 | 库房3/ [索取号:J524.4/236] | 在馆 | |
| 25 | 0660441 | 206604414 | 库房3/ [索取号:J524.4/236] | 在馆 | |
| 26 | 0660442 | 206604423 | 库房3/ [索取号:J524.4/236] | 在馆 | |
| 27 | 0660443 | 206604432 | 库房3/ [索取号:J524.4/236] | 在馆 | |
| 28 | 0660444 | 206604441 | 库房3/ [索取号:J524.4/236] | 在馆 |